MARC details
| 000 -CABECERA |
| campo de control de longitud fija |
01133nam a2200277 i 4500 |
| 003 - IDENTIFICADOR DEL NÚMERO DE CONTROL |
| campo de control |
DO-SdBNP |
| 005 - FECHA Y HORA DE LA ÚLTIMA TRANSACCIÓN |
| campo de control |
20260317133323.0 |
| 006 - CÓDIGOS DE INFORMACIÓN DE LONGITUD FIJA--CARACTERÍSTICAS DEL MATERIAL ADICIONAL |
| campo de control de longitud fija |
a||||gr|||| 00| 0 |
| 007 - CAMPO FIJO DE DESCRIPCIÓN FÍSICA--INFORMACIÓN GENERAL |
| campo de control de longitud fija |
ta |
| 008 - DATOS DE LONGITUD FIJA--INFORMACIÓN GENERAL |
| campo de control de longitud fija |
231101t1999 dr ac||| |||| 00| 0 spa d |
| 040 ## - FUENTE DE LA CATALOGACIÓN |
| Centro catalogador/agencia de origen |
DO-SdBNP |
| Lengua de catalogación |
esp |
| Centro/agencia transcriptor |
BNPHU |
| Normas de descripción |
rda |
| 041 ## - CÓDIGO DE LENGUA |
| Código de lengua del texto/banda sonora o título independiente |
spa |
| 082 #4 - NÚMERO DE LA CLASIFICACIÓN DECIMAL DEWEY |
| Número de clasificación |
xxx |
| Número de documento/Ítem |
J61s |
| Número de edición |
22 |
| 100 1# - ENTRADA PRINCIPAL--NOMBRE DE PERSONA |
| Nombre de persona |
Jiménez, Felucho |
| 9 (RLIN) |
23276 |
| Término indicativo de función/relación |
autor |
| 245 ## - MENCIÓN DE TÍTULO |
| Título |
Selección de discursos de la precampaña presidencial del PLD del año 1999. / |
| Mención de responsabilidad, etc. |
Felucho Jiménez |
| 264 #S - PRODUCCIÓN, PUBLICACIÓN, DISTRIBUCIÓN, FABRICACIÓN Y COPYRIGHT |
| Producción, publicación, distribución, fabricación y copyright |
Santo Domingo : |
| Nombre del de productor, editor, distribuidor, fabricante |
Amigo del Hogar, |
| Fecha de producción, publicación, distribución, fabricación o copyright |
1999 |
| 300 ## - DESCRIPCIÓN FÍSICA |
| Extensión |
215 páginas : |
| Otras características físicas |
Ilustraciones, retrato ; |
| Dimensiones |
23 cm. |
| 336 ## - TIPO DE CONTENIDO |
| Fuente |
rdacontent |
| Término de tipo de contenido |
texto |
| Código de tipo de contenido |
txt |
| 337 ## - TIPO DE MEDIO |
| Fuente |
rdamedia |
| Nombre/término del tipo de medio |
sin mediación |
| Código del tipo de medio |
n |
| 338 ## - TIPO DE SOPORTE |
| Fuente |
rdacarrier |
| Nombre/término del tipo de soporte |
volumen |
| Código del tipo de soporte |
nc |
| 500 ## - NOTA GENERAL |
| Nota general |
Incluye datos biográficos del autor en las solapas de las cubiertas. |
| 505 ## - NOTA DE CONTENIDO CON FORMATO |
| Nota de contenido con formato |
Prólogo. |
| Título |
En Barahona.-- |
| -- |
En Azua.-- |
| -- |
En Dajabón.-- |
| -- |
En Baní.-- |
| -- |
En San Juan de la Maguana.-- |
| -- |
En Miami.-- |
| -- |
En Nagua.-- |
| -- |
En Cotuí.-- |
| -- |
En San Francisco de Macorís.-- |
| -- |
En la Vega.-- |
| -- |
En Monte Cristi.-- |
| -- |
En Higüey.-- |
| -- |
En Santiago. |
| 590 ## - NOTA LOCAL (RLIN) |
| Nota local |
Inventariado 2023 / MF |
| 910 ## - DATOS DE OPCIÓN DEL USUARIO (OCLC) |
| Datos de opción del usuario |
MF |
| 942 ## - ELEMENTOS DE PUNTO DE ACCESO ADICIONAL (KOHA) |
| Fuente del sistema de clasificación o colocación |
Dewey Decimal Classification |
| Tipo de ítem Koha |
Libro |